000 00564nam a2200205Ia 4500
003 GCL
008 140319s9999 xx 000 0 ara d
040 _aGCL /
_cGCL
082 0 4 _a332.4
_bص ن
100 1 _aصبحى تادرس قريصة
245 1 0 _aالنقود والبنوك /
_cصبحى تادرس قريصة
300 _a262
490 _aكتاب
_v0
650 0 4 _aالنقود
650 0 4 _aالاوراق المالية
650 0 4 _aالبنوك
650 0 4 _aالتوازن الاقتصادى
650 0 4 _aالتوازن
942 _2ddc
_cBK
999 _c42112
_d42112